El pensamiento paralelo : de Socrátes a De Bono /

La intención del autor en este texto es poner de manifiesto las características del pensamiento paralelo, encaminado al diseño y la creación, en tanto que -sostiene- el pensamiento occidental tradicional se preocupa por la búsqueda y el descubrimiento.

Gorde:
Xehetasun bibliografikoak
Egile nagusia: Bono, Edward De (autor)
Formatua: Liburua
Hizkuntza:gaztelania
Argitaratua: México : Paidós, 1994, c1994
Saila:(Paidós Contextos ; 28)
Gaiak:
Etiketak: Etiketa erantsi
Etiketarik gabe, Izan zaitez lehena erregistro honi etiketa jartzen!

MARC

LEADER 00000nam^a2200000^a^4500
001 000227881
005 20250521000000.0
009 20260310104301.742
020 |a 968-853-315-7 
037 |a Acervo Xavier Clavigero 
041 |a ESP 
082 |a 153. 42  |b BON 
100 |a Bono, Edward De  |e (autor) 
245 1 3 |a El pensamiento paralelo :  |b de Socrátes a De Bono /  |c E. De Bono. 
264 4 |a México :  |b Paidós,  |c 1994, c1994 
300 |a 272 p. 
336 |a texto  |b txt  |2 rdacontenido 
337 |a sin mediación  |b n  |2 rdamedio 
338 |a volumen  |b nc  |2 rdasoporte 
440 1 |a (Paidós Contextos ;  |v 28) 
500 |a Traducción de: Paralel Thinking. From Socratic to De Bono Thinking 
520 |a La intención del autor en este texto es poner de manifiesto las características del pensamiento paralelo, encaminado al diseño y la creación, en tanto que -sostiene- el pensamiento occidental tradicional se preocupa por la búsqueda y el descubrimiento. 
649 |a XX 
650 |a Creatividad -  |x Tema Principal 
650 |a Pensamiento Lateral -  |x Tema Principal 
650 |a Pensamiento 
650 |a Psicología Cognitiva 
650 |a Psicología 
910 |a Fondo General 
920 |a Impresos - Libros 
930 |a Colección General 
905 |a 101 
901 |a 048295  |b IT1  |c ACC  |i 048295  |u 20250521 
902 |a https://opac.biblio.iteso.mx/vufind/Record/000227881